<?xml version="1.0" encoding="UTF-8"?>
<record
    xmlns:xsi="http://www.w3.org/2001/XMLSchema-instance"
    xsi:schemaLocation="http://www.loc.gov/MARC21/slim http://www.loc.gov/standards/marcxml/schema/MARC21slim.xsd"
    xmlns="http://www.loc.gov/MARC21/slim">

  <leader>00880nam a22001937a 4500</leader>
  <controlfield tag="005">20231102151630.0</controlfield>
  <controlfield tag="008">140109t        xxu||||| |||| 00| 0 eng d</controlfield>
  <datafield tag="020" ind1=" " ind2=" ">
    <subfield code="a">84-8019-698-X</subfield>
  </datafield>
  <datafield tag="050" ind1=" " ind2=" ">
    <subfield code="a">796.33  A676f  2003</subfield>
  </datafield>
  <datafield tag="100" ind1=" " ind2=" ">
    <subfield code="a">Ard&#xE1; Toni</subfield>
  </datafield>
  <datafield tag="245" ind1=" " ind2=" ">
    <subfield code="a">F&#xFA;tbol: Metodolog&#xED;a de la ense&#xF1;anza del f&#xFA;tbol / Ard&#xE1; Toni</subfield>
  </datafield>
  <datafield tag="250" ind1=" " ind2=" ">
    <subfield code="a">1a ed</subfield>
  </datafield>
  <datafield tag="260" ind1=" " ind2=" ">
    <subfield code="a">Barcelona</subfield>
    <subfield code="b">Paidotribo</subfield>
    <subfield code="c">2003</subfield>
  </datafield>
  <datafield tag="300" ind1=" " ind2=" ">
    <subfield code="a">336 p.</subfield>
  </datafield>
  <datafield tag="500" ind1=" " ind2=" ">
    <subfield code="a">Incluye bibliografia</subfield>
  </datafield>
  <datafield tag="650" ind1=" " ind2=" ">
    <subfield code="a">1.- El f&#xFA;tbol como juego deportivo colectivo / 2.- La organizaci&#xF3;n del juego en el f&#xFA;tbol / 3.- La organizaci&#xF3;n del juego en el f&#xFA;tbol a 5 / 4.- La organizaci&#xF3;n del juego en el f&#xFA;tbol a 7 / 5.- La ense&#xF1;anza del f&#xFA;tbol / 6.- Modelo de aplicaci&#xF3;n pr&#xE1;ctica del proceso de ense&#xF1;anza / 7.- La tarea y la sesi&#xF3;n / 8.- Metodolog&#xED;a b&#xE1;sica de observaci&#xF3;n en f&#xFA;tbol.</subfield>
  </datafield>
  <datafield tag="700" ind1=" " ind2=" ">
    <subfield code="a">Casal Claudio</subfield>
  </datafield>
  <datafield tag="942" ind1=" " ind2=" ">
    <subfield code="2">ddc</subfield>
    <subfield code="c">LB</subfield>
  </datafield>
  <datafield tag="952" ind1=" " ind2=" ">
    <subfield code="0">0</subfield>
    <subfield code="1">0</subfield>
    <subfield code="2">lcc</subfield>
    <subfield code="4">0</subfield>
    <subfield code="7">0</subfield>
    <subfield code="a">15</subfield>
    <subfield code="b">15</subfield>
    <subfield code="d">2013-09-25</subfield>
    <subfield code="l">0</subfield>
    <subfield code="o">796.33  A676f  2003</subfield>
    <subfield code="p">15 006094</subfield>
    <subfield code="r">2017-12-07</subfield>
    <subfield code="t">1</subfield>
    <subfield code="w">2014-01-09</subfield>
    <subfield code="y">LB</subfield>
  </datafield>
  <datafield tag="952" ind1=" " ind2=" ">
    <subfield code="0">0</subfield>
    <subfield code="1">0</subfield>
    <subfield code="2">lcc</subfield>
    <subfield code="4">0</subfield>
    <subfield code="7">0</subfield>
    <subfield code="a">15</subfield>
    <subfield code="b">15</subfield>
    <subfield code="d">2013-07-10</subfield>
    <subfield code="l">3</subfield>
    <subfield code="o">796.33  A676f  2003</subfield>
    <subfield code="p">15 006260</subfield>
    <subfield code="r">2018-04-10</subfield>
    <subfield code="s">2018-04-10</subfield>
    <subfield code="t">2</subfield>
    <subfield code="w">2014-01-09</subfield>
    <subfield code="y">LB</subfield>
  </datafield>
  <datafield tag="952" ind1=" " ind2=" ">
    <subfield code="0">0</subfield>
    <subfield code="1">0</subfield>
    <subfield code="2">lcc</subfield>
    <subfield code="4">0</subfield>
    <subfield code="7">0</subfield>
    <subfield code="a">15</subfield>
    <subfield code="b">15</subfield>
    <subfield code="d">2013-07-10</subfield>
    <subfield code="l">1</subfield>
    <subfield code="o">796.33  A676f  2003</subfield>
    <subfield code="p">15 006261</subfield>
    <subfield code="r">2017-12-07</subfield>
    <subfield code="s">2016-01-14</subfield>
    <subfield code="t">3</subfield>
    <subfield code="w">2014-01-09</subfield>
    <subfield code="y">LB</subfield>
  </datafield>
  <datafield tag="999" ind1=" " ind2=" ">
    <subfield code="c">91666</subfield>
    <subfield code="d">91666</subfield>
  </datafield>
</record>
